LEADER 06532oam 2200865 c 450 001 9910372806803321 005 20260302090207.0 010 $a9783839403518 010 $a3839403510 024 7 $a10.14361/9783839403518 035 $a(CKB)3710000000482630 035 $a(OAPEN)1007583 035 $a(DE-B1597)461304 035 $a(OCoLC)1013955560 035 $a(OCoLC)958046818 035 $a(DE-B1597)9783839403518 035 $a(MiAaPQ)EBC5494165 035 $a(Au-PeEL)EBL5494165 035 $a(OCoLC)1049913529 035 $a(transcript Verlag)9783839403518 035 $a(MiAaPQ)EBC6955660 035 $a(Au-PeEL)EBL6955660 035 $a(oapen)https://directory.doabooks.org/handle/20.500.12854/31046 035 $a(ScCtBLL)7a7ab2e9-b4d1-4fd3-8897-2909dd1a89e6 035 $a(oapen)doab31046 035 $a(EXLCZ)993710000000482630 100 $a20260302h20152005 uy 0 101 0 $ager 135 $auuuuu---auuuu 181 $ctxt$2rdacontent 182 $cc$2rdamedia 183 $acr$2rdacarrier 200 00$aUnbestimmtheitssignaturen der Technik$eEine neue Deutung der technisierten Welt$fGerhard Gamm, Andreas Hetzel 205 $a1st ed. 210 $aBielefeld$ctranscript Verlag$d2015 210 $d2015, c2005 215 $a1 online resource (362) 225 0 $aEdition panta rei 311 08$a9783899423518 311 08$a3899423518 327 $aFrontmatter 1 Inhalt 5 Eine zeitgema?ß-unzeitgema?ße Philosophie der Technik 9 Unbestimmtheitssignaturen der Technik 17 »Wirkliche Virtualita?t« Medialita?tsvera?nderung der Technik und der Verlust der Spuren 39 Technik und Phantasma Das Begehren des Mediums 63 Aufgekla?rte Unheilsprophezeiungen Von der Ungewissheit zur Unbestimmbarkeit technischer Folgen 81 Wohin die Reise geht Zeit und Raum der Nanotechnologie 103 Technologien des Organisierens und die Krisis des Wissens 127 Kunstmaschinen Zur Mechanisierung von Kreativita?t 149 Das Problem des Neuen in der Technik 169 Nichtwissen im U?berfluss? Einige Pra?zisierungsvorschla?ge im Hinblick auf Nichtwissen und Technik 183 Heidegger, Unbestimmtheit und »Die Matrix« 203 Verko?rperte Kognition und die Unbestimmtheit der Welt Mensch-Maschine-Beziehungen in der Neueren KI 219 Kunst aus dem Labor - im Zeitalter der Technowissenschaften 233 »Shrouded in another order of uncertainty« Unbestimmtheit in Thomas Pynchons »Gravity's Rainbow« 255 Technik als Vermittlung und Dispositiv U?ber die vielfa?ltige Wirksamkeit der Maschinen 275 Lob der Praxis Praktisches Wissen im Spannungsfeld technischer und sozialer Uneindeutigkeiten 297 Netzwerke, Informationstechnologie und Macht 311 Verantwortung in vernetzten Systemen 337 Anhang: Autorinnen und Autoren 353 Backmatter 361 330 $aNicht dass eine fundamentale Ungewissheit nicht immer schon zum Leben dazu gehört hätte oder eine mehr oder weniger konstante und universelle Bedingung menschlicher Existenz gewesen wäre, erscheint als Problem, sondern- dass mit der Erfahrung einer Zunahme von Unbestimmtheit auch eine mit der Gesellschaft vernetzte Tech nik davon betroffen und in den Verunsicherungsprozess einbezogen ist;- dass gesellschaftliche Freiheits- und Optionsgewinne mit nach haltigen Orientierungsverlusten Hand in Hand gehen;- dass die technowissenschaftliche Erzeugung von Wissen neuartige Zonen des Nichtwissens mit hervorbringt;- dass wir nicht wissen können, was wir eigentlich tun sollen und- dass der Umgang mit diesem Faktum die Startbedingung für eine zeitgemäß-unzeitgemäße Philosophie der Technik darstellt.Die Beiträge dieses Bandes (u.a. von Dreyfus, Dupuy, Hörning, Hubig, Nordmann und Willke) gehen nicht nur den unterschiedlichen Aspekten dieser Entwicklung nach. Sie unternehmen auch den Versuch, die sozio-technischen Bestimmungsversuche und Vereindeutigungsstrategien abzuschätzen, die in einer radikal modernen Welt durch die Aufgabe einer »Selbstfestlegung im Unbestimmten« (Luhmann) immer aufs Neue herausgefordert werden. 330 1 $a»Dem Band gelingt es, die erstaunliche Bandbreite des Technischen im gesellschaftlichen Leben einzufangen und Impulse zu neuem Nachdenken zu liefern. Die Multiperspektivität der Beiträge macht diese Publikation zu einem interessanten Kompendium der aktuellen Technikdebatte.Insgesamt sind die vielfältigen neuen Impulse aus unterschiedlichen Richtungen eine Stärke dieser Publikation. Der Tagungsband gibt sicher Anlass zu weitergehenden Vertiefungen und Klärungen. In diesem Sinne wirkt er als Meilenstein zu einem umfassenderen Verständnis von Technik und Gesellschaft.« 330 1 $a»So sehr Technologien auch auf Kontrolle und Berechenbarkeit der Welt abzielen mögen, gehen sie mit Umwägbarkeiten und Risiken, also dem Verlust von Kontrolle über die Welt einher. Die Grundidee, die alle Beiträge verbindet, ist, dass dies kein fehler im System des veruchs der technischen Weltbeherrschung ist. Vielmehr hat das Erzeugen von Sicherheit und Bestimmtheit in bestimmten Bereichen notwendig eine Zunahme von Unbestimmtheit und Verunsicherung an anderer Stelle zur Folge ? und sogar das Erzeugen neuer Bereiche der Unbestimmtheit und Verunsicherung.Ziel [ist], 'eine zeitgemäß-unzeitgemäße Philosophie der Technik` [...].« 330 1 $aBesprochen in:Technikfolgeabschätzung ? Theorie und Praxis, 8 (2006), Yannik R. Julliardsoziale technik, 3 (2006) 410 0$aEdition Panta Rei 517 2 $aGamm/Hetzel, Unbestimmtheit$eEine neue Deutung der technisierten Welt 606 $aTechnik 606 $aTechnology 606 $aMedium 606 $aPhilosophy of Technology 606 $aPhilosophy 606 $aMacht 606 $aUnbestimmtheit 606 $aTechnikphilosophie 606 $aPhilosophie 615 4$aTechnik 615 4$aTechnology 615 4$aMedium 615 4$aPhilosophy of Technology 615 4$aPhilosophy 615 4$aMacht 615 4$aUnbestimmtheit 615 4$aTechnikphilosophie 615 4$aPhilosophie 676 $a620 686 $aZG 8640$2rvk 702 $aGamm$b Gerhard$p

Gerhard Gamm, TU Darmstadt, Deutschland

$4edt 702 $aHetzel$b Andreas$p

Andreas Hetzel, Stiftung Universität Hildesheim, Deutschland

$4edt 801 0$bDE-B1597 801 1$bDE-B1597 906 $aBOOK 912 $a9910372806803321 996 $aUnbestimmtheitssignaturen der Technik$94413843 997 $aUNINA